000 01111nam a2200301 a 4500
001 BRCA_5418
005 20190320205052.0
008 810917s1936----nyua######---#000-0#eng-#
041 _aeng
044 _anyu
050 4 _aND813.U77
_b.T73 1936
100 1 _aTrapier, Elizabeth du Gué
_913841
245 1 0 _aDaniel Urrabieta Vierge
_bin the collection of the Hispanic Society of America
_cby Elizabeth du Gué Trapier.
260 _aNueva York
_bOrder of the Trustees
_c1936
300 _ax1, 183 p.
_bil., 25 láminas
_c19 cm.
440 0 _aHispanic notes & monographs: essays, studies, and brief biographies issued by the Hispanic Society of America
_97657
500 _aIncluye índice alfabético
500 _aCon veinticinco ilustraciones
500 _aM25
504 _aBibliografía: p. 170-173
650 1 4 _aPintores españoles
_vCatálogos
_zNueva York
_913842
650 1 4 _aIlustradores
_zEspaña
_913843
650 1 4 _aPinturas españolas
_97789
650 1 4 _aGalerías y museos
_zEstados Unidos
_97437
710 2 _aThe Hispanic Society of America
_910966
902 _aGFM
942 _2lcc
_cB
999 _c5112
_d5112